000 00374pam a2200157a 44500
008 230515b1965 xxu||||| |||| 00| 0 eng d
020 _aNULL
041 _aENGLISH
082 _aN.D.
100 _a"Millaman Jocob, Taub Harbert"
245 _aPules Digital & Switching Waveforms
250 _a0
260 _aNULL
_bMcgraw Hill
_c1965
300 _a958
650 _aNULL
999 _c570724
_d570724